| 000 | 00535nam a2200181Ia 4500 | ||
|---|---|---|---|
| 008 | 230917s9999||||xx |||||||||||||| ||und|| | ||
| 020 | _cUSD61 | ||
| 040 |
_e244791 _aMAIN |
||
| 041 | _aEnglish | ||
| 082 | _a300.72 B623C(3) | ||
| 100 | _aBloomberg, Linda Dale | ||
| 245 | 0 | _aCompleting your qualitative dissertation: A road map from beginning to end | |
| 250 | _a3rd ed. | ||
| 260 |
_aCalifornia _bSage Publications _c2016 |
||
| 300 | _axxxvii, 357 p. | ||
| 500 | _a3006 17/01/2018 HBD18/7328 09/03/2018 IHTM (SFS) | ||
| 942 | _cBK | ||
| 999 |
_c25433 _d25433 |
||